[Event "New York Marshall CC"]
[Site "New York"]
[Date "1993.??.??"]
[Round "1"]
[White "Waitzkin, Joshua"]
[Black "Moskow, Eric"]
[Result "1-0"]
[WhiteElo "2345"]
[BlackElo "2235"]

1.c4 e6 2.e4 d5 3.exd5 exd5 4.d4 Nf6 5.Nc3 Be7 6.Bd3 O-O 7.Nge2 dxc4 8.Bxc4 Nbd7
9.O-O Nb6 10.Bb3 Nbd5 11.Nf4 Nxc3 12.bxc3 Bf5 13.Nd3 Bd6 14.f4 Bxd3 15.Qxd3 Re8
16.f5 Ng4 17.g3 Qe7 18.f6 Nxf6 19.Bg5 Qe4 20.Qxe4 Rxe4 21.Bxf6 gxf6 22.Rxf6 Re7
23.Raf1 Rf8 24.Kg2 Kg7 25.Kh3 Ba3 26.R6f4 f6 27.Rg4+ Kh8 28.Rxf6 Rg7 29.Rxf8+ Bxf8
30.Re4 Re7 31.Rxe7 Bxe7 32.Kg4 Kg7 33.Kf5 Ba3 34.c4 Bb2 35.d5 b6 36.g4 h6
37.Ke6 Ba3 38.Ba4 Bd6 39.h3 Kg6 40.h4 Bg3 41.Be8+ Kg7 42.Kd7 Kf6 43.Bh5 Bd6
44.Kc6 Ke7 45.g5 hxg5 46.hxg5 Kd8 47.Kb5 a5 48.g6 Be5 49.c5 bxc5 50.Kxa5 c4
51.Bf3 c3 52.Be4 Kc8 53.Kb5 Bg7 54.Kc6 Bf8 55.Bf5+ Kb8 56.Kd7 Ka7 57.Ke8 Bh6
58.Kf7 Kb6 59.g7 Bxg7 60.Kxg7 Kc5 61.Kf6 Kxd5 62.Kg5 Kc4 63.Bc2 Kb4 64.a4 c5
65.Kf4 Ka3  1-0

[Event "New York ACC"]
[Site "New York"]
[Date "1993.??.??"]
[Round "1"]
[White "Winslow, Elliott C"]
[Black "Waitzkin, Joshua"]
[Result "1-0"]
[WhiteElo "2280"]
[BlackElo "2345"]

1.e4 c5 2.Nf3 Nc6 3.d4 cxd4 4.Nxd4 Nf6 5.Nc3 d6 6.f3 e5 7.Nb3 h6 8.Be3 Be7
9.Qd2 O-O 10.O-O-O Na5 11.Nxa5 Qxa5 12.Kb1 Kh8 13.Nb5 Qd8 14.Nxd6 Be6 15.Bc4 Qc7
16.Bxe6 fxe6 17.Nb5 Qc6 18.Qa5 a6 19.Qc7 Rfc8 20.Qxc6 Rxc6 21.Nc3 Rac8 22.Rc1 Kg8
23.Rhd1 b5 24.Ne2 g5 25.h4 Ne8 26.Rd7 R8c7 27.Rxc7 Rxc7 28.hxg5 hxg5 29.Rd1 Kf7
30.Nc1 Kf6 31.Nd3 Nd6 32.Rh1 Nf7 33.Bb6 Rc8 34.c3 Rb8 35.Bc5 Rc8 36.Bxe7+ Kxe7
37.Kc2 g4 38.fxg4 Rg8 39.Rf1 Nd6 40.Nxe5 Nxe4 41.Rf4 Nd6 42.Kd3 Rc8 43.Ng6+ Kd7
44.Rf6 Ne8 45.Rf7+ Kd6 46.Rf8 e5 47.g5 Ke6 48.Nxe5 Ke7 49.Rf2 Ke6 50.Rf8 Ke7
51.Rf4 Ke6 52.Nf3 Nd6 53.b3 Rg8 54.c4 bxc4+ 55.bxc4 Rc8 56.Rf6+ Ke7 57.Ne5 Rg8
58.Ng6+ Kd7 59.c5  1-0

[Event "New York Enhance"]
[Site "New York"]
[Date "1993.??.??"]
[Round "1"]
[White "Waitzkin, Joshua"]
[Black "Dzindzichashvili, Roman"]
[Result "1-0"]
[WhiteElo "2370"]
[BlackElo "2535"]

1.e4 d6 2.d4 Nf6 3.Bd3 e5 4.c3 Be7 5.Ne2 O-O 6.O-O Nc6 7.d5 Nb8 8.c4 a5 9.Nbc3 Na6
10.a3 Nc5 11.Bc2 Bd7 12.f3 Ne8 13.Be3 Bg5 14.Bf2 a4 15.Bxc5 dxc5 16.Bxa4 Bxa4
17.Nxa4 Nd6 18.Qb3 b6 19.Nac3 Be3+ 20.Kh1 f5 21.exf5 Nxf5 22.Ne4 Bd4 23.Nxd4 exd4
24.Qd3 h6 25.Rfe1 c6 26.dxc6 Qc7 27.Ng3 Ne3 28.Nf1 Nxf1 29.Rxf1 Qxc6 30.Rfe1 Rae8
31.Kg1 Re6 32.Re4 Rxe4 33.fxe4 Qg6 34.Rf1 Rxf1+ 35.Kxf1 Qg5 36.Kf2 Qf4+ 37.Qf3 Qxh2
38.Qf5 Qc7 39.Ke2 Qf7 40.Qxf7+ Kxf7 41.b4 cxb4 42.axb4 Ke6 43.Kd3 Ke5 44.b5  1-0

[Event "New York op"]
[Site "New York"]
[Date "1993.??.??"]
[Round "2"]
[White "Ivanov, Alexander"]
[Black "Waitzkin, Joshua"]
[Result "0-1"]
[WhiteElo "2525"]
[BlackElo "2345"]

1.e4 c5 2.Nf3 Nc6 3.d4 cxd4 4.Nxd4 Nf6 5.Nc3 d6 6.Bg5 e6 7.Qd2 a6 8.O-O-O Bd7
9.f4 Qc7 10.Bxf6 gxf6 11.Kb1 O-O-O 12.Nb3 h5 13.Be2 Na5 14.Rhf1 Kb8 15.Rf3 Be7
16.Rh3 h4 17.Qe1 Nxb3 18.axb3 f5 19.exf5 d5 20.Bd3 Bf6 21.fxe6 fxe6 22.f5 Rde8
23.Qf2 Rhf8 24.fxe6 Bxe6 25.Rf3 Be7 26.Re1 Rxf3 27.gxf3 Bf7 28.f4 Rg8 29.Bf5 Bf6
30.Qf3 Qa5 31.Rf1 d4 32.Qd3 Rg2 33.Bh3 Rxh2 34.Ne4 Be7 35.f5 Qe5 36.f6 Bb4
37.Rf5 Rh1+ 38.Ka2 Qe8 39.Qxd4 Qa4+  0-1

[Event "New York ACC"]
[Site "New York"]
[Date "1993.??.??"]
[Round "2"]
[White "Waitzkin, Joshua"]
[Black "Bonin, Jay R"]
[Result "1/2-1/2"]
[WhiteElo "2345"]
[BlackElo "2385"]

1.e4 c5 2.Nf3 Nc6 3.d4 cxd4 4.Nxd4 e5 5.Nb5 d6 6.c4 Be7 7.N1c3 a6 8.Na3 Nf6
9.Be2 Nd4 10.Nc2 Nxc2+ 11.Qxc2 Be6 12.b3 Rc8 13.Bb2 b5 14.cxb5 d5 15.Qd3 d4
16.Nb1 O-O 17.O-O axb5 18.Qxb5 Rc2 19.Ba3 Bxa3 20.Nxa3 Bd7 21.Qa6 Rc6 22.Qb5 Re6
23.Qd3 Qa8 24.Nc4 Nxe4 25.Bf3 Bc6 26.Rfe1 f5 27.b4 Kh8 28.a4 Bd5 29.a5 Qe8
30.Nd2 Nc3 31.Bxd5 Nxd5 32.a6 Qa8 33.b5 Rg6 34.g3 Nf4 35.Qf3 Nh3+ 36.Kf1 e4
37.Qh1 d3 38.a7 Rb6 39.Qg2 Ng5 40.h4 Nf3 41.Nxf3 exf3 42.Qh1 f4 43.Qh3 Rxb5
44.gxf4 h6 45.Re7 Rb7 46.Re3 Rxa7 47.Rxa7 d2 48.Rxa8 d1=Q+ 49.Re1 Qd3+ 50.Kg1 Rxa8
51.Re3 Qb1+ 52.Kh2 Ra1 53.Qxf3 Qg1+ 54.Kh3 Qh1+ 55.Qxh1 Rxh1+ 56.Kg4 Kh7
57.f5 Rg1+ 58.Kf4 Kg8 59.Re7 Rh1 60.Kg4 Rg1+ 61.Kf4 Rh1 62.Kg4 Rg1+ 63.Kh5 Rg2
64.f3 Rg3 65.f4 Rg1 66.Ra7 Rg2 67.f6 gxf6 68.f5 Rg1 69.Ra4 Kh7 70.Ra7+ Kg8
71.Rb7 Rg2 72.Kxh6 Rg1 73.Kh5 Rg2 74.Rb8+ Kg7 75.Rb7+ Kg8 76.Kh6 Rg1 77.Rc7 Rg2
78.Rc8+ Kf7 79.Kh7 Rg7+ 80.Kh6 Rg4 81.Kh5 Rg1 82.Rh8 Kg7  1/2-1/2

[Event "New York Marshall CC"]
[Site "New York"]
[Date "1993.??.??"]
[Round "2"]
[White "Gross, Daniel"]
[Black "Waitzkin, Joshua"]
[Result "0-1"]
[WhiteElo "2280"]
[BlackElo "2345"]

1.e4 c5 2.Nf3 Nc6 3.d4 cxd4 4.Nxd4 Nf6 5.Nc3 d6 6.g3 Bg4 7.f3 Bd7 8.Bg2 e6
9.O-O Be7 10.Ndb5 Qb8 11.Bf4 Ne5 12.Bg5 a6 13.Bxf6 gxf6 14.Na3 Qa7+ 15.Kh1 h5
16.Qe1 h4 17.gxh4 O-O-O 18.f4 Ng6 19.Qf2 Qxf2 20.Rxf2 b5 21.Ne2 Nxh4 22.c4 Nxg2
23.Kxg2 Bc6 24.Ng3 f5 25.Re2 fxe4 26.cxb5 axb5 27.Rc1 Kb7 28.Nc2 Kb6 29.Nd4 Bd5
30.Kg1 f5 31.Rec2 Bf6 32.Nc6 Rdg8 33.Nb4 Bd4+ 34.Kh1 Rxg3 35.Nxd5+ exd5 36.Rc6+ Kb7
37.Rc7+ Kb8  0-1

[Event "New York ACC"]
[Site "New York"]
[Date "1993.??.??"]
[Round "3"]
[White "London, Dimitri"]
[Black "Waitzkin, Joshua"]
[Result "1-0"]
[WhiteElo "2380"]
[BlackElo "2345"]

1.e4 c5 2.Nf3 Nc6 3.d4 cxd4 4.Nxd4 Nf6 5.Nc3 d6 6.Be2 g6 7.O-O Bg7 8.Nb3 O-O
9.Bg5 Be6 10.f4 Na5 11.f5 Bc4 12.Bd3 Rc8 13.Kh1 b5 14.Qe2 b4 15.Nxa5 Bxd3
16.cxd3 bxc3 17.b4 Qb6 18.a3 Qb5 19.Qc2 Rc7 20.Rab1 Ng4 21.a4 Qd7 22.b5 h6
23.Bc1 g5 24.Qe2 Nf6 25.Ba3 Rfc8 26.Nc6 Rxc6 27.bxc6 Qxc6 28.Qc2 Ng4 29.Bc1 Qa6
30.Rb5 Ne5 31.Be3 Nc6 32.h3 Bd4 33.Bc1 Bb6 34.Qxc3 Nd4 35.Rxb6 axb6 36.Qxd4 Rc2
37.Bb2 f6 38.Rf2 Rxf2 39.Qxf2 Qxa4 40.Qd2 Qa2 41.Qc3 Qb1+ 42.Kh2 Qf1 43.Qd2 h5
44.Bd4 g4 45.hxg4 hxg4 46.Kg3 b5 47.Kxg4 b4 48.Kh5 b3 49.Kg4 Kg7 50.Kg3 Kh7
51.Bb2 Kg7 52.Qe3 Kh7 53.Qf3 Qe1+ 54.Qf2 Qd1 55.Qd4 Kh6 56.Qe3+ Kh7 57.d4 Qc2
58.Qc3 Qxe4 59.Qxb3 Qxf5 60.Qf7+  1-0

[Event "New York Enhance"]
[Site "New York"]
[Date "1993.??.??"]
[Round "3"]
[White "Waitzkin, Joshua"]
[Black "Friedman, Aviv"]
[Result "1-0"]
[WhiteElo "2370"]
[BlackElo "2300"]

1.e4 e6 2.d4 d5 3.exd5 exd5 4.c4 Nf6 5.Nc3 Be7 6.Bd3 O-O 7.Nge2 dxc4 8.Bxc4 Nbd7
9.O-O Nb6 10.Bb3 c6 11.Re1 Bf5 12.Ng3 Bg6 13.f4 h6 14.f5 Bh7 15.Be3 Nbd5
16.Bf2 Qd7 17.Qf3 Bd6 18.Bc2 Ne7 19.Re5 Rfe8 20.Rae1 Bxe5 21.dxe5 Nfd5 22.Nce4 Nb4
23.Bb1 Ned5 24.Qg4 Rxe5 25.Nh5 Bg6 26.Nxg7 Kxg7 27.Bd4 Re8 28.Qg3 Qxf5 29.Nd6 Kf8
30.Bxe5 Qg5 31.Nxe8 Qxg3 32.Bxg3 Bxb1 33.Bd6+  1-0

[Event "New York Marshall CC"]
[Site "New York"]
[Date "1993.??.??"]
[Round "3"]
[White "Waitzkin, Joshua"]
[Black "Frias, Victor J"]
[Result "1/2-1/2"]
[WhiteElo "2345"]
[BlackElo "2460"]

1.e4 e5 2.Nf3 Nc6 3.Bb5 a6 4.Bxc6 dxc6 5.O-O Qd6 6.d4 exd4 7.Nxd4 Bd7 8.Be3 c5
9.Ne2 Qxd1 10.Rxd1 O-O-O 11.Nbc3 f5 12.Ng3 fxe4 13.Ngxe4 b6 14.Rd2 Be7 15.Nd5 Bc6
16.Rad1 Bxd5 17.Rxd5 Rxd5 18.Rxd5 Nf6 19.Nxf6 Bxf6 20.b3 Re8 21.Kf1 c4 22.Ke2  1/2-1/2

[Event "New York ACC"]
[Site "New York"]
[Date "1993.??.??"]
[Round "4"]
[White "Waitzkin, Joshua"]
[Black "Shapiro, Daniel E"]
[Result "1-0"]
[WhiteElo "2345"]
[BlackElo "2320"]

1.e4 e5 2.Nf3 Nc6 3.Bb5 a6 4.Bxc6 dxc6 5.O-O Qd6 6.d4 exd4 7.Nxd4 Bd7 8.Be3 c5
9.Ne2 Qxd1 10.Rxd1 O-O-O 11.Nbc3 b6 12.Rd2 Bc6 13.Rxd8+ Kxd8 14.Rd1+ Kc8
15.f3 Ne7 16.Nf4 c4 17.Kf2 Ng6 18.Nh5 Rg8 19.Ne2 Ne5 20.h3 f6 21.g4 Ba4 22.Rc1 Bb4
23.Nd4 Rd8 24.Nxg7 c5 25.Nde6 Rd6 26.f4 Nf7 27.c3 Ba5 28.Nf8 h6 29.Nf5 Rd3
30.Nh7 Nd6 31.Nxf6 Nxf5 32.exf5 Bc6 33.Ng8 Kd8 34.Nxh6 Ke7 35.g5 Kf8 36.f6 Rd6
37.Nf5 Re6 38.Rd1 Be4 39.Rd8+ Re8  1-0

[Event "New York Marshall CC"]
[Site "New York"]
[Date "1993.??.??"]
[Round "4"]
[White "Young, Ronald"]
[Black "Waitzkin, Joshua"]
[Result "0-1"]
[WhiteElo "2300"]
[BlackElo "2345"]

1.e4 c5 2.Nf3 Nc6 3.d4 cxd4 4.Nxd4 Nf6 5.Nc3 d6 6.Bc4 Qb6 7.Nb3 e6 8.Bg5 Bd7
9.Bxf6 gxf6 10.O-O h5 11.Kh1 Ne5 12.Bd3 Rc8 13.Qe2 Bh6 14.a4 Nxd3 15.Qxd3 Ke7
16.Nb5 a6 17.N5d4 Qc7 18.Rfd1 Rhg8 19.c3 Rg7 20.Nd2 Qc5 21.Nf1 h4 22.b4 Qc7
23.b5 a5 24.Ne3 Bxe3 25.Qxe3 e5 26.Nc2 Qxc3 27.Qxc3 Rxc3 28.Ne3 Be6 29.Rdc1 Rc5
30.g3 h3 31.Kg1 Rg8 32.Rxc5 dxc5 33.Rc1 b6 34.Kf1 Rd8 35.f4 Rd4 36.f5 Rxe4
37.Kf2 Bb3 38.Rc3 Bxa4 39.Nd5+ Kd6 40.Nxb6 Bxb5 41.Nc8+ Kd5 42.Kf3 Be2+ 43.Kf2 Ba6
44.Ne7+ Kd6 45.Ng8 Re2+ 46.Kf3 Rxh2 47.Nxf6 Bb7+ 48.Kg4 Rh1 49.Rd3+ Kc6 50.Rd2 Ba6
51.Ne4 Re1 52.Ng5 f6 53.Nxh3 Re2 54.Rd8 c4 55.Rf8 c3 56.Rxf6+ Kd7 57.Rf7+ Kc8
58.Rf8+ Kb7 59.Rf7+ Kb8 60.Rf8+ Bc8 61.Rf6 Kc7  0-1

[Event "New York op"]
[Site "New York"]
[Date "1993.??.??"]
[Round "4"]
[White "Giorgadze, Giorgi"]
[Black "Waitzkin, Joshua"]
[Result "1/2-1/2"]
[WhiteElo "2540"]
[BlackElo "2345"]

1.Nf3 Nf6 2.g3 g6 3.b3 Bg7 4.Bb2 O-O 5.Bg2 d6 6.d4 c5 7.O-O Nc6 8.Nbd2 Bf5
9.Re1 Ne4 10.Nc4 d5 11.Nce5 cxd4 12.Nxc6 bxc6 13.Bxd4 Bxd4 14.Nxd4 Qb6 15.e3 Bd7
16.c4 Rfd8 17.Qc2 c5 18.cxd5 Nxf2 19.Qxf2 cxd4 20.exd4 Qd6 21.Rac1 a5 22.Rc5 a4
23.b4 a3 24.Re3 Rdb8 25.Qd2 Ra4 26.Rb3 Qb6 27.Ra5 Rxb4 28.Raxa3 Qd6 29.Qf4 Rxb3
30.Rxb3 Rxb3 31.axb3 Qb4 32.Qe3 Bf5 33.Bf1 Kf8 34.Bc4 Ke8 35.Kf2 Kd7 36.Qc1 h5
37.Ke3 g5 38.Qa1 Kc7 39.Qa7+ Kd8 40.Qa8+ Kc7 41.Qa7+ Kd8 42.Qa1 Bc2 43.Qa8+ Kc7
44.Qc6+ Kd8 45.Qc5 Qe1+ 46.Be2 Bd1 47.Qb6+ Kc8 48.Qa6+ Kd7 49.Qb5+ Kc7 50.Qc4+ Kd7
51.Qb5+ Kc7 52.Qc4+  1/2-1/2

[Event "New York Marshall CC"]
[Site "New York"]
[Date "1993.??.??"]
[Round "5"]
[White "Waitzkin, Joshua"]
[Black "Olesen, Martin"]
[Result "1-0"]
[WhiteElo "2345"]
[BlackElo "2350"]

1.e4 c5 2.Nf3 Nc6 3.d4 cxd4 4.Nxd4 Qb6 5.Nb3 Nf6 6.Nc3 e6 7.Bd3 Be7 8.O-O d6
9.Be3 Qc7 10.f4 a6 11.Qf3 O-O 12.Rae1 b5 13.Qh3 Rd8 14.g4 b4 15.Ne2 Nd7 16.g5 a5
17.Ng3 a4 18.Nd2 g6 19.Re2 Bf8 20.f5 Bg7 21.fxe6 Nde5 22.exf7+ Nxf7 23.Qh4 Nce5
24.Ref2 Be6 25.Nf5 Bxf5 26.exf5 Nxd3 27.cxd3 gxf5 28.Rxf5 Ne5 29.Ne4 Ng6
30.Qf2 b3 31.axb3 Rab8 32.Nf6+ Bxf6 33.Rxf6 axb3 34.Qf5 Rf8 35.Qe6+ Kg7 36.Rxg6+ hxg6
37.Bd4+  1-0

[Event "New York op"]
[Site "New York"]
[Date "1993.??.??"]
[Round "6"]
[White "Waitzkin, Joshua"]
[Black "Gurevich, Ilya"]
[Result "0-1"]
[WhiteElo "2345"]
[BlackElo "2515"]

1.e4 e5 2.Nf3 Nc6 3.Bb5 a6 4.Bxc6 dxc6 5.O-O f6 6.d4 Bg4 7.c3 Bd6 8.Nbd2 Nh6
9.Nc4 Nf7 10.Ne3 Be6 11.c4 c5 12.dxe5 fxe5 13.Qc2 O-O 14.b3 Qf6 15.Bb2 Rae8
16.Bc3 Nd8 17.Ne1 Qg6 18.f3 Nc6 19.Rf2 Rf7 20.Nf1 Ref8 21.Kh1 Qh5 22.Nd3 b5
23.cxb5 axb5 24.a4 c4 25.bxc4 bxc4 26.Ne1 Bc5 27.a5 Qh4 28.g3 Qh5 29.a6 Nd4
30.Bxd4 Bxd4 31.Ra3 Bc5 32.Ra1 Bxf2 33.Qxf2 Bg4 34.a7 Rxf3 35.Nxf3 Bxf3+
36.Kg1 Bxe4 37.Qe3 Ba8 38.Rb1 Qf7 39.Rd1 c5  0-1

[Event "New York ACC"]
[Site "New York"]
[Date "1993.??.??"]
[Round "6"]
[White "Waitzkin, Joshua"]
[Black "Moskow, Eric"]
[Result "1-0"]
[WhiteElo "2345"]
[BlackElo "2235"]

1.e4 c5 2.Nf3 d6 3.d4 cxd4 4.Nxd4 Nf6 5.Nc3 g6 6.g3 Nc6 7.Nde2 Bd7 8.Bg2 Qc8
9.b3 Bg7 10.Bb2 O-O 11.Qd2 Bh3 12.Bxh3 Qxh3 13.O-O-O Rfd8 14.Nf4 Qc8 15.Kb1 e6
16.h4 b5 17.Qe2 a6 18.h5 Qb7 19.f3 b4 20.Na4 Qb5 21.hxg6 hxg6 22.Qh2 Ne5
23.Qh3 Kf8 24.g4 Rac8 25.g5 Ne8 26.Rh2 Ke7 27.Rhd2 Rd7 28.Bd4 Rc6 29.Nb2 Rdc7
30.Ng2 Rc3 31.Ne3 Nxf3 32.Qxf3 Bxd4 33.Rxd4 Qxg5 34.R4d3 Nf6 35.Nbc4 d5 36.exd5 Rxd3
37.Rxd3 Qg1+ 38.Rd1  1-0

[Event "New York Enhance"]
[Site "New York"]
[Date "1993.??.??"]
[Round "7"]
[White "Fedorowicz, John P"]
[Black "Waitzkin, Joshua"]
[Result "1/2-1/2"]
[WhiteElo "2545"]
[BlackElo "2370"]

1.e4 c5 2.Nf3 Nc6 3.d4 cxd4 4.Nxd4 Nf6 5.Nc3 d6 6.Bg5 e6 7.Qd2 a6 8.O-O-O h6
9.Be3 Qc7 10.f3 Rb8 11.g4 Ne5 12.Kb1 b5 13.a3 Nc4 14.Bxc4 bxc4 15.Ka1 g6
16.h4 e5 17.Nde2 Qb7 18.Qc1 Be6 19.g5 hxg5 20.hxg5 Rxh1 21.Rxh1 Ng8 22.Rh8 Ne7
23.f4 exf4 24.Nxf4 Kd7 25.Bd4 Nc6 26.Bf6 Be7 27.Rxb8 Qxb8 28.Bxe7 Nxe7 29.Qf1 Qc7
30.Na4 Qc6 31.Nxe6 fxe6 32.Qxc4 Qxc4 33.Nb6+ Kc6 34.Nxc4 d5 35.Ne5+ Kc5 36.exd5 Kxd5
37.Nd3 Ke4 38.Kb1 Kf5 39.Kc1 Nd5 40.Nc5 Nc7 41.Kd2 Kxg5 42.Ke3 Kf5 43.c4 Ke5
44.b4 Kd6 45.Ke4 g5 46.a4 Kc6 47.Nb3 Kb6 48.a5+ Kc6 49.Ke5 Nb5 50.Nc5 Nd6
51.Kd4 e5+ 52.Kd3 g4 53.Ne4 Nxe4  1/2-1/2

[Event "New York Marshall CC"]
[Site "New York"]
[Date "1993.??.??"]
[Round "7"]
[White "Waitzkin, Joshua"]
[Black "Vulicevic, Nenad"]
[Result "1/2-1/2"]
[WhiteElo "2345"]
[BlackElo "2320"]

1.e4 e6 2.d4 d5 3.Nd2 dxe4 4.Nxe4 Nd7 5.Nf3 Ngf6 6.Bg5 Be7 7.Ned2 c5 8.Be2 O-O
9.O-O b6 10.Ne5 Bb7 11.Bf3 Nd5 12.Bxe7 Qxe7 13.Nxd7 Qxd7 14.dxc5 bxc5 15.Nb3 Qc7
16.c4 Nf6 17.Bxb7 Qxb7 18.Qe2 Qc7 19.Rad1 a5 20.Nd2 a4 21.Nb1 Qa5 22.Na3 Rfd8
23.Nb5 h6 24.a3 Qb6 25.h3 Qc6 26.Kh2 Qe4 27.Qxe4 Nxe4 28.Rxd8+ Rxd8 29.f3 Nd2
30.Rc1 Rb8 31.Nc3 Rxb2 32.Nxa4 Ra2 33.Rc3 Nb1 34.Rc1 Nxa3 35.Nxc5 Rc2 36.Rxc2 Nxc2
37.Nd3 Kf8 38.Kg3 Ne3 39.c5 Ke7 40.f4 f6 41.Kf3 Nd5 42.Ke4 g6 43.Kd4 Kd7
44.g3 Kc6 45.Nf2 h5 46.h4 Ne7 47.Ne4 e5+ 48.fxe5 Nf5+ 49.Kd3 fxe5 50.Kc4 Ne3+
51.Kd3 Nf5 52.Kc4 Ne3+  1/2-1/2

[Event "New York ACC"]
[Site "New York"]
[Date "1993.??.??"]
[Round "7"]
[White "Krant, Roman"]
[Black "Waitzkin, Joshua"]
[Result "0-1"]
[WhiteElo "2305"]
[BlackElo "2345"]

1.d4 Nf6 2.Nf3 g6 3.g3 Bg7 4.Bg2 O-O 5.O-O d6 6.c3 Nc6 7.Nbd2 e5 8.e4 exd4
9.cxd4 Bg4 10.d5 Ne5 11.h3 Nxf3+ 12.Nxf3 Bxf3 13.Bxf3 Nd7 14.Qc2 Nc5 15.Bg2 a5
16.Bd2 Re8 17.Rfe1 Qe7 18.Rab1 b6 19.b3 Bd4 20.Bc3 Bxc3 21.Qxc3 Qe5 22.Qd2 b5
23.f4 Qg7 24.a3 b4 25.axb4 axb4 26.Re3 Ra1 27.Rxa1 Qxa1+ 28.Kh2 Ra8 29.Qxb4 Ra2
30.Qe1 Qb2 31.Qf1 Nxb3 32.e5 Nd2 33.Qf2 Qb5 34.Kg1 Ra1+ 35.Re1 Rxe1+ 36.Qxe1 Qb4
37.Qe2 Kf8 38.h4 Qd4+ 39.Kh2 Nc4 40.e6 Ne3 41.exf7 Kxf7 42.Qa2 Kg7 43.Bf3 h5
44.Qa5 Qb2+ 45.Kg1 Qc1+ 46.Kf2 Nf5 47.Qa2 Qe3+ 48.Kg2 Qe1 49.Qf2 Ne3+  0-1

[Event "New York op"]
[Site "New York"]
[Date "1993.??.??"]
[Round "7"]
[White "Shipman, Walter"]
[Black "Waitzkin, Joshua"]
[Result "1/2-1/2"]
[WhiteElo "2290"]
[BlackElo "2345"]

1.d4 Nf6 2.Nc3 d5 3.Bg5 Bf5 4.Bxf6 exf6 5.e3 c6 6.Bd3 Qd7 7.Nge2 Be7 8.Bxf5 Qxf5
9.O-O O-O 10.Ng3 Qd7 11.Qd3 Na6 12.a3 g6 13.e4 dxe4 14.Qxe4 f5 15.Qd3 Rad8
16.Rad1 Bf6 17.Nge2 Rfe8 18.Qf3 Nc7 19.g3 Re6 20.Rd3 Rd6 21.Rfd1 h5 22.h4 Qe7
23.Re3 Qf8 24.Red3 R8d7 25.Na2 Qd8 26.c3 Ne6 27.Nac1 Kg7 28.Nf4 Qb6 29.R1d2 Qb5
30.Nce2 a5 31.Nxe6+ Rxe6 32.Re3 Rxe3 33.Qxe3 Re7 34.Qf3 Re4 35.Kf1 Qd5 36.Qd3 b5
37.f3 Re8 38.Nf4 Qa2 39.Re2 Rd8 40.Kg2 b4 41.axb4 axb4 42.Qc2 b3 43.Qd2 Qa6
44.Nd3 Qc4 45.Qe3 Ra8 46.Ne5 Bxe5 47.Qxe5+ Kh7 48.Kf2 Ra1 49.Re1 Rxe1 50.Qxe1 Qd3
51.Qe2 Qc2  1/2-1/2

[Event "New York Marshall CC"]
[Site "New York"]
[Date "1993.??.??"]
[Round "8"]
[White "Moulin, Pierre"]
[Black "Waitzkin, Joshua"]
[Result "1/2-1/2"]
[WhiteElo "2305"]
[BlackElo "2345"]

1.e4 c5 2.Nf3 Nc6 3.d4 cxd4 4.Nxd4 Nf6 5.Nc3 d6 6.Be3 e5 7.Nf3 Qa5 8.Nd2 Be6
9.Nc4 Bxc4 10.Bxc4 Nxe4 11.Qh5 g6 12.Qf3 f5 13.O-O Nxc3 14.bxc3 O-O-O 15.Bd5 e4
16.Qd1 Bg7 17.Bg5 Rde8 18.Bxc6 bxc6 19.Qxd6 Qc7 20.Qa3 Kb8 21.Be3 Ka8 22.Rab1 Rb8
23.Bd4 Rhd8 24.Qa4 Bf8 25.Rfd1 Bd6 26.h3 c5 27.Be3 Rb6 28.Qc4 Qb7 29.Rxb6 axb6
30.Bf4 Bc7 31.Qa4+ Qa7 32.Qc6+ Qb7 33.Qa4+  1/2-1/2

[Event "New York op"]
[Site "New York"]
[Date "1993.??.??"]
[Round "8"]
[White "Moran, Augusto"]
[Black "Waitzkin, Joshua"]
[Result "0-1"]
[WhiteElo "2375"]
[BlackElo "2345"]

1.d4 Nf6 2.c4 c5 3.d5 b5 4.cxb5 a6 5.bxa6 g6 6.Nc3 Bxa6 7.f4 Bg7 8.Nf3 O-O
9.e4 Bxf1 10.Rxf1 d6 11.e5 Nfd7 12.e6 fxe6 13.Ng5 Qb6 14.Nxe6 Rf7 15.Nxg7 Kxg7
16.Qe2 Nf6 17.Bd2 Na6 18.O-O-O Nb4 19.Qc4 Qa6 20.Qxa6 Rxa6 21.Be1 Nxa2+ 22.Nxa2 Rxa2
23.Bc3 Kf8 24.Bxf6 Rxf6 25.Kc2 Ra4 26.g3 Rf5 27.Rfe1 g5 28.fxg5 Rf2+ 29.Kc3 Rxh2
30.Rh1 Rxh1 31.Rxh1 Rg4 32.Rxh7 Rxg3+ 33.Kc4 Rxg5 34.Rh2 Ke8 35.Re2 Rg4+
36.Kb5 Kd7 37.Rd2 Rb4+ 38.Ka5 Ke8 39.Rh2 Kf7 40.Rf2+ Kg6 41.Re2 Kf6 42.Re6+ Kf7
43.Re2 Rd4 44.Rf2+ Kg6 45.Re2 Kf6 46.Rf2+ Ke5 47.Rf7 Kxd5 48.Rxe7 Rb4 49.Re2 Kc4
50.Re4+ Kb3 51.Re2 d5 52.Re5 Kc4  0-1

[Event "New York ACC"]
[Site "New York"]
[Date "1993.??.??"]
[Round "9"]
[White "Paglietti, Nicola"]
[Black "Waitzkin, Joshua"]
[Result "0-1"]
[WhiteElo "2365"]
[BlackElo "2345"]

1.d4 Nf6 2.Nf3 c5 3.e3 g6 4.Be2 Bg7 5.O-O b6 6.b3 O-O 7.Bb2 Bb7 8.c4 d6 9.Nc3 Nbd7
10.Qc2 a6 11.Rac1 Rc8 12.Qb1 cxd4 13.exd4 Rc7 14.Nd2 Qa8 15.Bf3 Rfc8 16.Rfe1 Nf8
17.d5 Bh6 18.Qd3 N8d7 19.Rcd1 Ne5 20.Qd4 b5 21.cxb5 axb5 22.Nxb5 Rc2 23.a4 Nxd5
24.Be4 Nf4 25.Bxc2 Rxc2 26.f3 Ne6 27.Qa7 Qxa7+ 28.Nxa7 Rxb2 29.Nc4 Nxc4 30.bxc4 Nf4
31.Rb1 Rxg2+ 32.Kf1 Bxf3 33.Nc8 Nh3  0-1

[Event "New York Marshall CC"]
[Site "New York"]
[Date "1993.??.??"]
[Round "10"]
[White "Waitzkin, Joshua"]
[Black "Ginsburg, Mark"]
[Result "0-1"]
[WhiteElo "2345"]
[BlackElo "2405"]

1.e4 g6 2.d4 Bg7 3.Nf3 d6 4.c3 Nf6 5.Bd3 O-O 6.O-O Nc6 7.b4 a6 8.Qc2 Nh5
9.Bg5 h6 10.Be3 e5 11.dxe5 dxe5 12.b5 axb5 13.Bxb5 Nf4 14.Nbd2 Qe7 15.a4 Rd8
16.Nb3 Bg4 17.Ne1 Na7 18.Bc4 Be6 19.Bxe6 Qxe6 20.g3 Ne2+ 21.Kg2 Qc4 22.Na5 Qa6
23.Nb3 Qc4 24.Na5 Qa6 25.Nxb7 Qxb7 26.Qxe2 Qxe4+ 27.Nf3 Nc6 28.Kg1 Rxa4 29.Nd2 Qc2
30.Rxa4 Qxa4 31.Qf3 f5 32.Rb1 Kh7 33.Rb7 Rd7 34.Nb3 Nd8 35.Rb4 Qc6 36.Qxc6 Nxc6
37.Rb7 e4 38.Nc5 Re7 39.Bf4 Ne5 40.Na6 Nd3 41.c4 g5 42.Be3 f4 43.gxf4 gxf4
44.Bb6 Ne5 45.Rxc7 Re6 46.c5 Rg6+ 47.Kf1 Nf3 48.Ke2 Rg1 49.Ba5 Nd4+ 50.Kd2 Nb3+
51.Ke2 Nxa5 52.Re7 f3+ 53.Ke3 Nc4+ 54.Kf4 e3 55.Kxf3 Rf1 56.Ke2 Rxf2+ 57.Kd3 Rf4
58.Nc7 Rd4+ 59.Ke2 Rd2+ 60.Kf3 Kg6 61.Ne8  0-1

[Event "New York Marshall CC"]
[Site "New York"]
[Date "1993.??.??"]
[Round "11"]
[White "Levitan, Yuliya"]
[Black "Waitzkin, Joshua"]
[Result "1/2-1/2"]
[WhiteElo "2280"]
[BlackElo "2345"]

1.e4 c5 2.Nc3 Nc6 3.f4 g6 4.Nf3 Bg7 5.g3 d6 6.Bg2 e6 7.d3 Nge7 8.Be3 Nd4
9.O-O O-O 10.Rb1 Qa5 11.a3 Nxf3+ 12.Bxf3 Bxc3 13.bxc3 Qxa3 14.Qd2 Qa5 15.f5 f6
16.fxe6 Bxe6 17.Rxb7 Rae8 18.d4 Bc8 19.Rbb1 Qc7 20.Be2 Be6 21.Rf2 d5 22.c4 dxe4
23.d5 Rd8 24.Qc3 Bc8 25.Rxf6 Rxf6 26.Qxf6 Rf8 27.Bf4 Qd7 28.Qe5 Nf5 29.Qxe4 Nd4
30.Bd3 Qg4 31.Rf1 Bf5 32.Qe3 Bxd3 33.cxd3 h5 34.Bh6 Nf3+ 35.Kh1 Rf5 36.Qe7 Qd4
37.Qe6+ Kh7 38.Be3 Qxd3 39.Qe7+ Kg8 40.Qe8+ Kg7 41.Qe7+ Kg8 42.Qe6+ Rf7 43.Rc1 Ng5
44.Bxg5  1/2-1/2

[Event "St Martin op"]
[Site "St Martin"]
[Date "1993.??.??"]
[Round "5"]
[White "Renet, Olivier"]
[Black "Waitzkin, Joshua"]
[Result "1/2-1/2"]
[WhiteElo "2535"]
[BlackElo "2345"]

1.g3 e5 2.Bg2 d5 3.Nf3 Nc6 4.O-O Nf6 5.c4 dxc4 6.Qa4 Bd6 7.Qxc4 Be6 8.Qa4 Qd7
9.Nc3 Bh3 10.d3 O-O 11.Bg5 Bxg2 12.Kxg2 Qe6 13.Bxf6 Qxf6 14.Rac1 Qe6 15.Ne4 Rfe8
16.Nc5 Bxc5 17.Rxc5 e4 18.Ng5 Qf6 19.Nxe4 Qxb2 20.Re1 a6 21.Qc2 Qxc2 22.Rxc2 Re7
23.Rb1 Na5 24.g4 b6 25.Rbc1 Ra7 26.Kf3 f6 27.e3 Kf7 28.d4 Ke6 29.h4 Kd5 30.Ng3 g6
31.Ne2 Kd6 32.Nf4 c6 33.h5 Rg7 34.Rh1 Ra8 35.hxg6 hxg6 36.Rh6 Rag8 37.Rc1 Nb7
38.Rb1 b5 39.Rd1 Na5 40.Nd3 Nc4 41.Rdh1 a5 42.Rh8 Nd2+ 43.Kf4 Kd5 44.Rxg8 Rxg8
45.Rc1 Nc4 46.g5 fxg5+ 47.Kxg5 Ke4 48.Nf4 a4 49.Rc3 Kf3 50.Rc2 Ke4 51.Rc3 Kf3
52.Rc2 Ke4 53.Rc1 Kf3 54.Nd3 Ke2 55.Nb4 Kxf2 56.e4 Ke3 57.Nxc6  1/2-1/2

[Event "St Martin op"]
[Site "St Martin"]
[Date "1993.??.??"]
[Round "6"]
[White "Waitzkin, Joshua"]
[Black "Thorsteins, Karl"]
[Result "0-1"]
[WhiteElo "2345"]
[BlackElo "2480"]

1.e4 c5 2.Nf3 Nc6 3.d4 cxd4 4.Nxd4 Nf6 5.Nc3 d6 6.Bg5 e6 7.Qd2 Be7 8.O-O-O O-O
9.f4 h6 10.Bh4 e5 11.Nf5 Bxf5 12.exf5 exf4 13.Qxf4 d5 14.Kb1 d4 15.Bxf6 Bxf6
16.Ne4 Be5 17.Qg4 Rc8 18.Bd3 Nb4 19.f6 g6 20.Qh4 Qd5 21.Qxh6 Qxa2+ 22.Kc1 Bf4+
23.Qxf4 Qa4 24.Kd2 Rxc2+ 25.Bxc2 Qxc2+ 26.Ke1 Re8 27.Rxd4 Nd3+ 28.Rxd3 Qxd3
29.Kf2 Rxe4 30.Qb8+ Kh7 31.h3 Qe3+  0-1

[Event "St Martin op"]
[Site "St Martin"]
[Date "1993.??.??"]
[Round "9"]
[White "Arnason, Jon L"]
[Black "Waitzkin, Joshua"]
[Result "1-0"]
[WhiteElo "2535"]
[BlackElo "2345"]

1.c4 e5 2.Nc3 Nc6 3.g3 g6 4.Bg2 Bg7 5.Rb1 a5 6.a3 h5 7.h4 d6 8.b4 axb4 9.axb4 Nf6
10.d3 Ng4 11.Nf3 O-O 12.b5 Ne7 13.Qb3 Kh8 14.O-O f6 15.Ba3 g5 16.hxg5 fxg5
17.Bc1 Bh6 18.Ne4 Nf5 19.Nexg5 h4 20.e4 Nd4 21.Nxd4 Bxg5 22.Nf3 Bxc1 23.Rbxc1 h3
24.Bh1 Qf6 25.Qb2 Qh6 26.Nh2 Rf7 27.c5 Be6 28.Nxg4 h2+ 29.Nxh2 Rh7 30.f4 Ra2
31.Qxa2 Bxa2 32.Rc2 Bb3 33.Rcf2 dxc5 34.fxe5 Qg5 35.Rf8+ Kg7 36.R8f3 Qxe5
37.Rf4 Qd4+ 38.R1f2 Be6 39.Rf3 Rh8 40.Bg2 Ra8 41.Bf1 Ra1 42.Kg2 Qe5 43.Rf4 Rb1
44.Nf3 Qa1 45.Ng5 Bg8 46.Rg4 Kh6 47.Nh3 Be6 48.Rh4+ Kg7 49.Nf4 Bf7 50.Rg4+ Kf8
51.Rg5 Rxb5 52.Ng6+ Ke8 53.Re5+ Kd8 54.Rxf7 Qa2+ 55.Rf2 Rb2 56.Rf5 b5 57.Rxb2 Qxb2+
58.Kf3 b4 59.Bh3 c6 60.Rxc5 Qf6+ 61.Nf4 b3 62.e5 Qh6 63.Rc3 Qh8 64.d4 Qg8
65.Be6 Qh7 66.Rxb3 Qh1+ 67.Kg4 Qd1+ 68.Kg5 Qxd4 69.Rd3  1-0